|
|
|
|
| LEADER |
02455njm a2200541 i 4500 |
| 001 |
001570001 |
| 003 |
CZ BrMZK |
| 005 |
20170421141343.0 |
| 007 |
sd fungnnmmned |
| 008 |
170329p20161987xr fmnng n cze |
| 015 |
|
|
|a cnb002887775
|
| 024 |
3 |
|
|a 8594042901088
|
| 028 |
0 |
1 |
|a G 16 103 2
|b Galén
|
| 040 |
|
|
|a BOA001
|b cze
|e rda
|
| 043 |
|
|
|a e-xr---
|b e-xr-mr
|a e-xo---
|2 czenas
|
| 072 |
|
7 |
|a 784
|x Vokální hudba
|2 Konspekt
|9 9
|
| 072 |
|
7 |
|x Kulturní antropologie. Etnologie. Etnografie
|a 39
|2 Konspekt
|9 1
|
| 080 |
|
|
|a 784.4.088(437.32)
|2 MRF
|
| 080 |
|
|
|a 785.16.071
|2 MRF
|
| 080 |
|
|
|a (437.32-12)
|2 MRF
|
| 080 |
|
|
|a (437.32-11)
|2 MRF
|
| 080 |
|
|
|a (437.6)
|2 MRF
|
| 080 |
|
|
|a (086.76)
|2 MRF
|
| 245 |
0 |
0 |
|a Luboš Holý zpívá písně z Horňácka a moravskoslovenského pomezí
|
| 264 |
|
1 |
|a Praha :
|b Galén,
|c [2016]
|
| 264 |
|
4 |
|c ℗2016
|
| 300 |
|
|
|a 1 CD audio ;
|c 12 cm
|
| 336 |
|
|
|a hraná hudba
|b prm
|2 rdacontent
|
| 337 |
|
|
|a audio
|b s
|2 rdamedia
|
| 338 |
|
|
|a audiodisk
|b sd
|2 rdacarrier
|
| 344 |
|
|
|a digital
|b optical
|g stereo
|2 rda
|
| 347 |
|
|
|a audio soubor
|b CD audio
|2 rda
|
| 500 |
|
|
|a Název z disku
|
| 500 |
|
|
|a Lidové písně v hudebních úpravách
|
| 500 |
|
|
|a Původní fonogram 1988 Panton
|
| 505 |
0 |
0 |
|t Za naším huménkem --
|t Voly, voly šargalisté --
|t Koně moje --
|t Pase Jano junce --
|t Janík, Janík, švárný Janík --
|t Nebudem dobrý --
|t Kebych já byl sedláckým synkem --
|t Keby nebe za peníze bylo --
|t Ty si ně, má milá, vinna --
|t Dojdi k nám, šohajku --
|t Moja žena rozum nemá --
|t Ančuljenka, Ančuljenka --
|t Jede Jano dolinú --
|t Šohaj trávu seče --
|t Na téj hore --
|t Zamiloval sem si dívča --
|t Hora, hora, pres nu chodnyk --
|t Svjety mesjac --
|t Mal som sedem grajcarov --
|t Ach, bože, prebože
|
| 511 |
1 |
|
|a Luboš Holý a různé cimbálové muziky
|
| 518 |
|
|
|o Nahráno
|d 16. a 17. května 1987
|p sál Reduty, Uherské Hradiště
|
| 650 |
0 |
7 |
|a moravské lidové písně, úpravy
|7 ph312548
|2 czenas
|
| 650 |
0 |
7 |
|a cimbálová muzika
|7 ph260642
|2 czenas
|
| 651 |
|
7 |
|a Horňácko (Česko)
|7 ge258259
|2 czenas
|
| 651 |
|
7 |
|a Moravskoslovenské pomezí (Česko a Slovensko)
|7 ge911889
|2 czenas
|
| 655 |
|
7 |
|a kompaktní disky
|7 fd201991
|2 czenas
|
| 700 |
1 |
|
|a Holý, Luboš,
|d 1930-2011
|7 jk01041867
|4 sng
|
| 910 |
|
|
|a BOA001
|b CDR-1384.617
|
| 990 |
|
|
|a AV
|
| 991 |
|
|
|b 201704
|
| 996 |
6 |
|
|b 2610702353
|c CDR-1384.617
|l MZK
|r Sklad / do 24 hodin
|n 0
|p p.v.
|w 001605521
|u 000010
|a 1
|e BOA001
|j MZK50
|s P
|